[Event "TUR-ch Istanbul"]
[Site "Pendik / Istanbul"]
[Date "2006.03.18"]
[Round "8.2"]
[White "Yagiz, Yasin Emrah"]
[Black "Erdogan, Hakan"]
[Result "0-1"]
[WhiteElo "2209"]
[BlackElo "2259"]
[PlyCount "82"]
[EventDate "2006.??.??"]

1. Nf3 c5 2. c4 Nf6 3. g3 e6 4. Bg2 d5 5. O-O Nc6 6. d4 dxc4 7. Ne5 Bd7 8. Na3
cxd4 9. Naxc4 Rc8 10. Qb3 Nxe5 11. Nxe5 Bc6 12. Nxc6 bxc6 13. Qa4 Qd7 14. Bf4
c5 15. Qa6 Nd5 16. Bxd5 exd5 17. e3 dxe3 18. Rfe1 Be7 19. Rxe3 O-O 20. Rae1 Bf6
21. Be5 Qc6 22. Qd3 Bg5 23. f4 Bd8 24. g4 Bb6 25. Qd1 d4 26. Rh3 f6 27. Qd3 g6
28. Qc4+ Kh8 29. Bb8 Qd7 30. f5 gxf5 31. Bg3 d3 32. gxf5 d2 33. Rd1 Rg8 34. Qe6
c4+ 35. Kf1 Qd4 36. Rxd2 Qg1+ 37. Ke2 Rce8 38. Rxh7+ Kxh7 39. Rd7+ Kh8 40. Re7
Rxe7 41. Qxe7 Qg2+ 0-1

[Event "TUR-ch Istanbul"]
[Site "Pendik / Istanbul"]
[Date "2006.03.18"]
[Round "8.3"]
[White "Haznedaroglu, Kivanc"]
[Black "Atalik, Suat"]
[Result "1/2-1/2"]
[WhiteElo "2438"]
[BlackElo "2618"]
[PlyCount "88"]
[EventDate "2006.??.??"]

1. e4 e5 2. Nf3 Nc6 3. Bc4 d6 4. O-O g6 5. d4 exd4 6. Bg5 Qd7 7. Nxd4 Bg7 8. c3
Nf6 9. Nxc6 bxc6 10. Qd4 Nh5 11. Qd2 O-O 12. Na3 Bb7 13. Rad1 Rae8 14. f3 Qc8
15. Qf2 c5 16. Qh4 h6 17. Bc1 Bf6 18. Qf2 Kh7 19. Nc2 Ba6 20. Qe2 Bb7 21. Qf2
Bg7 22. Ne3 Nf6 23. Qh4 Re5 24. Rfe1 Rh5 25. Qf2 Re5 26. Bb3 Re7 27. Nc4 Nd7
28. Qh4 Ree8 29. Qh3 Nb6 30. Qxc8 Bxc8 31. Ne3 Be6 32. Nd5 c4 33. Bc2 Bxd5 34.
exd5 Nxd5 35. Rxe8 Rxe8 36. Ba4 Re5 37. f4 Re7 38. Rxd5 Re1+ 39. Kf2 Rxc1 40.
Rd1 Rxd1 41. Bxd1 d5 42. Ke3 c5 43. Bf3 d4+ 44. Kd2 dxc3+ 1/2-1/2

[Event "TUR-ch Istanbul"]
[Site "Pendik / Istanbul"]
[Date "2006.03.18"]
[Round "8.5"]
[White "Korkmaz, Necmettin"]
[Black "Erturan, Yakup"]
[Result "0-1"]
[WhiteElo "2071"]
[BlackElo "2365"]
[PlyCount "130"]
[EventDate "2006.??.??"]

1. e4 e5 2. Nf3 Nc6 3. Bb5 a6 4. Ba4 Nf6 5. O-O Be7 6. Re1 b5 7. Bb3 d6 8. a4
Rb8 9. axb5 axb5 10. c3 O-O 11. d4 exd4 12. Nxd4 Nxd4 13. cxd4 c5 14. Bf4 c4
15. Bc2 Bg4 16. f3 Be6 17. d5 Bc8 18. b3 cxb3 19. Bxb3 Nd7 20. Nd2 Bf6 21. Rb1
Bd4+ 22. Kh1 Qf6 23. Bg3 Be5 24. f4 Bxf4 25. Rf1 g5 26. Bxf4 gxf4 27. Qg4+ Kh8
28. Rxf4 Qg6 29. Qh4 Rg8 30. Qf2 Ne5 31. g3 Qg7 32. Bc2 Bg4 33. Nb3 Rgc8 34.
Nd4 Bd7 35. Nf5 Bxf5 36. exf5 f6 37. Rfb4 Rc5 38. Be4 Qh6 39. Qe2 Rc1+ 40. Kg2
Rxb1 41. Rxb1 b4 42. h3 Qg7 43. Qd2 Qb7 44. Qh6 Qe7 45. Qd2 b3 46. Qc3 Qb7 47.
Rb2 Qb4 48. Qe3 Nc4 49. Qh6 Qc3 50. Re2 Kg8 51. Bf3 Ne5 52. Bh5 Rf8 53. Bg6
Qf3+ 54. Kg1 Qxg3+ 55. Kh1 hxg6 56. fxg6 Nxg6 57. Rg2 Qe1+ 58. Kh2 Qe5+ 59. Kh1
Qe4 60. Kh2 Kf7 61. Qh7+ Ke8 62. Qxg6+ Qxg6 63. Rxg6 Kf7 64. Rg2 Rc8 65. Kg3
Rg8+ 0-1

[Event "TUR-ch Istanbul"]
[Site "Pendik / Istanbul"]
[Date "2006.03.18"]
[Round "8.6"]
[White "Erdogdu, Mert"]
[Black "Atalik, Ekaterina"]
[Result "1-0"]
[WhiteElo "2345"]
[BlackElo "2399"]
[PlyCount "75"]
[EventDate "2006.??.??"]

1. e4 e5 2. Nf3 Nc6 3. Bb5 a6 4. Ba4 Nf6 5. O-O b5 6. Bb3 Bc5 7. c3 d6 8. d4
Bb6 9. Bg5 h6 10. Bh4 g5 11. Bg3 O-O 12. Qd3 Bb7 13. Nbd2 Na5 14. Bc2 Nc4 15.
Nxc4 bxc4 16. Qxc4 Nxe4 17. dxe5 d5 18. Qd3 f5 19. exf6 Qxf6 20. c4 Qg7 21.
cxd5 Nxg3 22. hxg3 Rad8 23. Rae1 Bxd5 24. Bb3 Bxb3 25. Qxb3+ Kh8 26. Re6 Rf5
27. Qc2 Rdf8 28. g4 R5f6 29. Rfe1 h5 30. Qe4 Rxe6 31. Qxe6 Qf6 32. gxh5 g4 33.
Qxg4 Qxb2 34. Re6 Qxf2+ 35. Kh2 Be3 36. h6 Rg8 37. Re8 Bf4+ 38. Kh3 1-0

[Event "TUR-ch Istanbul"]
[Site "Pendik / Istanbul"]
[Date "2006.03.18"]
[Round "8.7"]
[White "Goksel, Doga Cihan"]
[Black "Kilicaslan, Hasan"]
[Result "1/2-1/2"]
[WhiteElo "2189"]
[BlackElo "2281"]
[PlyCount "32"]
[EventDate "2006.??.??"]

1. Nf3 Nf6 2. c4 g6 3. g3 Bg7 4. Bg2 O-O 5. O-O c6 6. d4 d5 7. b3 Bf5 8. Bb2
Nbd7 9. Nc3 Ne4 10. e3 Nxc3 11. Bxc3 Be4 12. Qe2 Re8 13. Rac1 Nf8 14. Rfd1 Qb6
15. Bf1 Rac8 16. Bh3 Bf5 1/2-1/2

[Event "TUR-ch Istanbul"]
[Site "Pendik/Istanbul"]
[Date "2006.03.19"]
[Round "9.5"]
[White "Atalik, Suat"]
[Black "Can, Emre"]
[Result "1-0"]
[WhiteElo "2618"]
[BlackElo "2281"]
[PlyCount "125"]
[EventDate "2006.??.??"]

1. d4 e6 2. c4 f5 3. g3 Nf6 4. Bg2 Be7 5. Nf3 O-O 6. O-O Ne4 7. Nfd2 Nxd2 8.
Bxd2 d5 9. cxd5 exd5 10. Qb3 c6 11. Bb4 Nd7 12. Nd2 Bxb4 13. Qxb4 Qb6 14. a3
Rb8 15. Qxb6 axb6 16. a4 Nf6 17. a5 bxa5 18. Rxa5 Kf7 19. Ra7 Ne8 20. Rc1 Nd6
21. Nf3 Bd7 22. Rca1 Ke7 23. e3 Kd8 24. Ne5 Kc7 25. Rc1 Kd8 26. Bf1 Kc7 27. Ra5
Be6 28. Rac5 Ne4 29. R5c2 Kd6 30. b4 Rfc8 31. Nd3 Ra8 32. f3 Ng5 33. h4 Nf7 34.
Nc5 Nd8 35. Rc3 b6 36. Nd3 Nb7 37. Bh3 g6 38. h5 Rc7 39. Ne5 c5 40. bxc5+ bxc5
41. hxg6 c4 42. Rb1 Ra6 43. gxh7 Rxh7 44. Bf1 Nc5 45. Rc2 Nd7 46. f4 Rg7 47.
Kf2 Nf6 48. Bg2 Ng4+ 49. Nxg4 Rxg4 50. Rcb2 Rg8 51. Rh1 Rga8 52. Kf3 Rc8 53.
Rh6 c3 54. Rc2 Rb6 55. Bf1 Ke7 56. Bd3 Rb3 57. Ra2 Rc7 58. Ra6 Bf7 59. Bxf5 Rb2
60. Rhc6 Rbb7 61. Rxc7+ Rxc7 62. Bc2 Rb7 63. Rc6 1-0

[Event "TUR-ch Istanbul"]
[Site "Pendik/Istanbul"]
[Date "2006.03.19"]
[Round "9.2"]
[White "Atalik, Ekaterina"]
[Black "Goksel, Doga Cihan"]
[Result "1-0"]
[WhiteElo "2399"]
[BlackElo "2189"]
[PlyCount "65"]
[EventDate "2006.??.??"]

1. d4 d5 2. c4 c6 3. Nc3 Nf6 4. Nf3 e6 5. e3 Bd6 6. Bd3 O-O 7. e4 dxe4 8. Nxe4
Nxe4 9. Bxe4 Nd7 10. O-O h6 11. Bc2 Re8 12. Qd3 Nf8 13. b3 b6 14. Bb2 Bb7 15.
Rad1 Qe7 16. Qe2 Rad8 17. Ne5 c5 18. Qh5 f5 19. Rfe1 cxd4 20. Rxd4 Bc5 21. Rdd1
Ba8 22. Bc3 a5 23. Rd3 Bb4 24. Bxb4 Qxb4 25. Rde3 Kh7 26. Nf7 Qd2 27. Nxd8 Rxd8
28. Rd1 Qxc2 29. Rxd8 Be4 30. Qe2 Qxe2 31. Rxe2 Ng6 32. f3 Nf4 33. Re1 1-0

[Event "TUR-ch Istanbul"]
[Site "Pendik/Istanbul"]
[Date "2006.03.19"]
[Round "9.3"]
[White "Erturan, Yakup"]
[Black "Erdogdu, Mert"]
[Result "1/2-1/2"]
[WhiteElo "2365"]
[BlackElo "2345"]
[PlyCount "94"]
[EventDate "2006.??.??"]

1. e4 c5 2. Nf3 d6 3. d4 cxd4 4. Qxd4 Nc6 5. Bb5 Bd7 6. Bxc6 Bxc6 7. Nc3 Nf6 8.
Bg5 e6 9. O-O-O Be7 10. Rhe1 O-O 11. Qd2 b5 12. Nd4 Qb6 13. f3 b4 14. Nce2 Rfc8
15. Kb1 a5 16. g4 a4 17. Nxc6 Qxc6 18. Nd4 Qb7 19. h4 Ra5 20. Rc1 Rac5 21. Red1
Bf8 22. Bxf6 gxf6 23. g5 fxg5 24. Rg1 Bg7 25. Rxg5 Rxg5 26. Qxg5 Kf8 27. Qd2
Qb6 28. Rd1 Qc5 29. Ne2 Ke7 30. Qg5+ Bf6 31. Qxc5 Rxc5 32. Nc1 a3 33. b3 Rh5
34. Rh1 d5 35. Nd3 dxe4 36. fxe4 Bc3 37. Kc1 f5 38. Nf4 Rh6 39. exf5 exf5 40.
Nd5+ Ke6 41. Nxc3 bxc3 42. Rh3 f4 43. Rxc3 Rxh4 44. b4 Rh1+ 45. Kd2 Rb1 46.
Rxa3 Rxb4 47. Rh3 Rb7 1/2-1/2

[Event "TUR-ch Istanbul"]
[Site "Pendik/Istanbul"]
[Date "2006.03.19"]
[Round "9.1"]
[White "Kilicaslan, Hasan"]
[Black "Secer, Ata"]
[Result "0-1"]
[WhiteElo "2281"]
[BlackElo "2229"]
[PlyCount "82"]
[EventDate "2006.??.??"]

1. Nf3 Nf6 2. d4 c5 3. c3 cxd4 4. cxd4 d5 5. Nc3 Nc6 6. Bf4 Ne4 7. Qb3 Nxc3 8.
bxc3 g6 9. h4 Bg7 10. h5 O-O 11. e3 b6 12. Bd3 Bg4 13. hxg6 fxg6 14. Ng5 h6 15.
Bxg6 hxg5 16. Bh7+ Kf7 17. Qc2 Rh8 18. Qg6+ Kf8 19. Qxg5 e5 20. Qxg4 exf4 21.
Qxf4+ Qf6 22. Qc7 Ne7 23. Rh3 Ke8 24. Rc1 b5 25. Bd3 a6 26. Rxh8+ Bxh8 27. Ke2
Rc8 28. Qh2 Bg7 29. g4 Qe6 30. Qh5+ Kf8 31. Rc2 Rc6 32. Kd2 Qc8 33. g5 Qb8 34.
f4 b4 35. c4 Bxd4 36. cxd5 Bxe3+ 37. Kxe3 Nxd5+ 38. Kd4 Qxf4+ 39. Be4 Rxc2 40.
Qh8+ Ke7 41. Qg7+ Kd6 0-1

[Event "TUR-ch Istanbul"]
[Site "Pendik/Istanbul"]
[Date "2006.03.19"]
[Round "9.6"]
[White "Erdogan, Hakan"]
[Black "Haznedaroglu, Kivanc"]
[Result "0-1"]
[WhiteElo "2259"]
[BlackElo "2438"]
[PlyCount "120"]
[EventDate "2006.??.??"]

1. d4 d5 2. c4 c6 3. Nf3 Nf6 4. Qc2 dxc4 5. Qxc4 Bf5 6. Qb3 Qb6 7. Nc3 Na6 8.
Qxb6 axb6 9. Bf4 Nb4 10. Kd2 e6 11. e3 Nbd5 12. Bd3 Bb4 13. a3 Bxc3+ 14. bxc3
Bxd3 15. Kxd3 Nxf4+ 16. exf4 Nd5 17. g3 b5 18. Nd2 Ra4 19. c4 Nc7 20. Rhb1 Ke7
21. Rb4 Rha8 22. Rxa4 Rxa4 23. Kc3 Ra8 24. Kb4 bxc4 25. Nxc4 Rd8 26. Rd1 Nb5
27. Kc5 Nc3 28. Rd3 Rd5+ 29. Kb6 Rb5+ 30. Kc7 Nd5+ 31. Kc8 c5 32. Ne3 Kd6 33.
Nc4+ Ke7 34. Ne3 cxd4 35. Rxd4 Kd6 36. Rd3 b6 37. Kd8 Rc5 38. Ke8 f5 39. Kf7
Rc7+ 40. Kg8 g6 41. a4 h6 42. Rb3 Kc5 43. Rb5+ Kd4 44. Nxd5 exd5 45. Rxb6 Rd7
46. Rxg6 Ke4 47. Rxh6 d4 48. Rb6 d3 49. Rb1 d2 50. Rd1 Kf3 51. h4 Ke2 52. Rxd2+
Rxd2 53. Kg7 Kxf2 54. Kg6 Kxg3 55. Kg5 Rd8 56. h5 Rg8+ 57. Kxf5 Kh4 58. h6 Kh5
59. h7 Ra8 60. Ke6 Kg6 0-1

[Event "TUR-ch Istanbul"]
[Site "Pendik/Istanbul"]
[Date "2006.03.19"]
[Round "9.7"]
[White "Atakisi, Umut"]
[Black "Yagiz, Yasin Emrah"]
[Result "1-0"]
[WhiteElo "2441"]
[BlackElo "2209"]
[PlyCount "71"]
[EventDate "2006.??.??"]

1. e4 e5 2. Nf3 Nc6 3. Bb5 a6 4. Ba4 Nf6 5. O-O Be7 6. Re1 b5 7. Bb3 d6 8. c3
O-O 9. h3 Na5 10. Bc2 c5 11. d4 Qc7 12. Nbd2 Rd8 13. b3 Bd7 14. Bb2 Rac8 15.
Rc1 c4 16. b4 Nb7 17. Nf1 g6 18. a4 a5 19. Ba3 Bf8 20. bxa5 Ra8 21. axb5 Bxb5
22. Rb1 Ba6 23. Qc1 Nh5 24. dxe5 dxe5 25. Bxf8 Rxf8 26. Qh6 f6 27. Ne3 Rf7 28.
Nd5 Qc5 29. Red1 Bb5 30. g4 Ng7 31. Rd2 Ne6 32. g5 fxg5 33. Nxg5 Nxg5 34. Qxg5
Raf8 35. Qxe5 Bc6 36. Rxb7 1-0

[Event "TUR-ch Istanbul"]
[Site "Istanbul"]
[Date "2006.03.20"]
[Round "10.2"]
[White "Haznedaroglu, Kivanc"]
[Black "Atakisi, Umut"]
[Result "1/2-1/2"]
[WhiteElo "2438"]
[BlackElo "2441"]
[PlyCount "27"]
[EventDate "2006.??.??"]

1. e4 c5 2. Nf3 Nc6 3. d4 cxd4 4. Nxd4 Nf6 5. Nc3 e6 6. Ndb5 d6 7. Bf4 e5 8.
Bg5 a6 9. Na3 b5 10. Nd5 Qa5+ 11. Bd2 Qd8 12. Bg5 Qa5+ 13. Bd2 Qd8 14. Bg5
1/2-1/2

[Event "TUR-ch Istanbul"]
[Site "Istanbul"]
[Date "2006.03.20"]
[Round "10.3"]
[White "Can, Emre"]
[Black "Erdogan, Hakan"]
[Result "1-0"]
[WhiteElo "2281"]
[BlackElo "2259"]
[PlyCount "69"]
[EventDate "2006.??.??"]

1. e4 c5 2. Nf3 d6 3. d4 cxd4 4. Nxd4 Nf6 5. Nc3 g6 6. Be3 Bg7 7. f3 Nc6 8. Qd2
O-O 9. O-O-O Nxd4 10. Bxd4 Be6 11. Kb1 Qc7 12. h4 Rfc8 13. h5 Qa5 14. hxg6 fxg6
15. a3 Rab8 16. Bxf6 Bxf6 17. Nd5 Qxd2 18. Nxf6+ exf6 19. Rxd2 Rc6 20. Bb5 Rb6
21. Be2 Rd8 22. f4 d5 23. Rhd1 Re8 24. exd5 Bxd5 25. Rxd5 Rxe2 26. Rd7 h5 27.
Rc7 Rbe6 28. Rdd7 Kf8 29. Rxb7 Rxg2 30. Rh7 Kg8 31. Rhg7+ Kh8 32. f5 Re1+ 33.
Ka2 Reg1 34. Rh7+ Kg8 35. Rhc7 1-0

[Event "TUR-ch Istanbul"]
[Site "Istanbul"]
[Date "2006.03.20"]
[Round "10.4"]
[White "Korkmaz, Necmettin"]
[Black "Atalik, Suat"]
[Result "0-1"]
[WhiteElo "2071"]
[BlackElo "2618"]
[PlyCount "48"]
[EventDate "2006.??.??"]

1. e4 e6 2. d4 d5 3. e5 c5 4. c3 Nc6 5. Nf3 Bd7 6. Bd3 cxd4 7. cxd4 Qb6 8. O-O
Nxd4 9. Nxd4 Qxd4 10. Nc3 a6 11. Qe2 Rc8 12. Kh1 Bc5 13. f4 Nh6 14. Bd2 Nf5 15.
Rad1 Ne3 16. Bxe3 Qxe3 17. Qg4 Bf8 18. Nxd5 exd5 19. e6 Bxe6 20. f5 h5 21. Qa4+
Bd7 22. Qh4 Be7 23. f6 Bxf6 24. Qb4 Qe7 0-1

[Event "TUR-ch Istanbul"]
[Site "Istanbul"]
[Date "2006.03.20"]
[Round "10.5"]
[White "Erdogdu, Mert"]
[Black "Gurevich, Mikhail"]
[Result "1/2-1/2"]
[WhiteElo "2345"]
[BlackElo "2633"]
[PlyCount "107"]
[EventDate "2006.??.??"]

1. e4 d6 2. d4 g6 3. Nc3 Bg7 4. Be3 a6 5. Qd2 b5 6. O-O-O Bb7 7. f3 c6 8. g4
Nd7 9. h4 h5 10. gxh5 Rxh5 11. Nce2 Ngf6 12. Ng3 Rh8 13. Qg2 Qa5 14. Kb1 O-O-O
15. N1e2 Bh6 16. Bg5 c5 17. Nc1 cxd4 18. Nb3 Qc7 19. Nxd4 Kb8 20. Qd2 Bxg5 21.
hxg5 Rxh1 22. Nxh1 Nh5 23. Nf2 Nb6 24. Ng4 e5 25. Nb3 d5 26. exd5 Rxd5 27. Qe1
Rxd1+ 28. Qxd1 Nf4 29. Nd2 Ne6 30. Qe1 Nd7 31. Qe3 Qc5 32. Qxc5 Nexc5 33. Nh6
f6 34. gxf6 Nxf6 35. Nf7 e4 36. fxe4 Ncxe4 37. Nxe4 Nxe4 38. Bd3 Kc7 39. Kc1
Bd5 40. Ne5 g5 41. c4 bxc4 42. Nxc4 Nf2 43. Bf1 g4 44. Ne3 Bb7 45. Kd2 g3 46.
Ke2 Be4 47. Bg2 Kd6 48. Bxe4 Nxe4 49. Kf3 Ke5 50. Nc2 a5 51. a4 Nc5 52. b4 axb4
53. Nxb4 Nxa4 54. Kxg3 1/2-1/2

[Event "TUR-ch Istanbul"]
[Site "Istanbul"]
[Date "2006.03.20"]
[Round "10.6"]
[White "Goksel, Doga Cihan"]
[Black "Erturan, Yakup"]
[Result "1/2-1/2"]
[WhiteElo "2189"]
[BlackElo "2365"]
[PlyCount "39"]
[EventDate "2006.??.??"]

1. Nf3 Nf6 2. d4 e6 3. c4 b6 4. g3 Ba6 5. b3 Bb7 6. Bg2 Bb4+ 7. Bd2 a5 8. O-O
O-O 9. Nc3 d5 10. cxd5 Bxc3 11. Bxc3 Bxd5 12. Ne1 Na6 13. f3 c5 14. dxc5 Nxc5
15. Nd3 Bb7 16. Nxc5 bxc5 17. Qxd8 Rfxd8 18. Rfc1 a4 19. Kf2 Nd5 20. Be1
1/2-1/2

[Event "TUR-ch Istanbul"]
[Site "Istanbul"]
[Date "2006.03.20"]
[Round "10.7"]
[White "Kilicaslan, Hasan"]
[Black "Atalik, Ekaterina"]
[Result "0-1"]
[WhiteElo "2281"]
[BlackElo "2399"]
[PlyCount "84"]
[EventDate "2006.??.??"]

1. e4 e5 2. Nf3 Nc6 3. d4 exd4 4. Bb5 Bc5 5. O-O Nge7 6. Ng5 d6 7. Qh5 g6 8.
Qd1 h6 9. Nf3 a6 10. Ba4 Kf8 11. c3 dxc3 12. Nxc3 Kg7 13. b4 Bxb4 14. Nd5 Nxd5
15. exd5 Bc3 16. Rb1 Ne5 17. Nxe5 Bxe5 18. f4 Bf6 19. f5 g5 20. Qh5 b5 21. Bb3
a5 22. a3 Bd7 23. Bd2 Qb8 24. Rbe1 Re8 25. Re6 Qb6+ 26. Rf2 Qd4 27. g4 a4 28.
Bc2 Rh8 29. Be4 Rae8 30. Bg2 c6 31. Be3 Qxe3 32. Rxe3 Rxe3 33. dxc6 Re1+ 34.
Bf1 Bxc6 35. Qh3 Be4 36. Qg3 Be5 37. f6+ Kh7 38. Qh3 Rc8 39. Qh5 Bg6 40. Qh3
Rc3 41. Rf3 Bd4+ 42. Kg2 Be4 0-1

[Event "TUR-ch Istanbul"]
[Site "Istanbul"]
[Date "2006.03.21"]
[Round "11.1"]
[White "Atalik, Suat"]
[Black "Erdogdu, Mert"]
[Result "1-0"]
[WhiteElo "2618"]
[BlackElo "2345"]
[PlyCount "107"]
[EventDate "2006.??.??"]

1. d4 Nf6 2. Nf3 g6 3. c4 Bg7 4. Nc3 O-O 5. Bg5 h6 6. Bh4 d6 7. e3 g5 8. Bg3
Nh5 9. Be2 e6 10. Qd3 f5 11. Nd2 Nxg3 12. hxg3 Nd7 13. g4 Nf6 14. gxf5 exf5 15.
Bd1 c6 16. Bc2 Qa5 17. O-O-O a6 18. f3 d5 19. g4 fxg4 20. Qg6 Rf7 21. Rxh6 Kf8
22. Rdh1 Bxh6 23. Qxh6+ Ke7 24. Bg6 Be6 25. Bxf7 Kxf7 26. fxg4 Rg8 27. Rf1 Rg6
28. Qh8 Ke7 29. cxd5 cxd5 30. e4 Qd8 31. Qh2 dxe4 32. Ndxe4 Qxd4 33. Qc7+ Kf8
34. Qh7 Bf7 35. Qh8+ Ke7 36. Re1 Qe5 37. Qh1 Kf8 38. Qh8+ Ke7 39. Rf1 Nxg4 40.
Qc8 Nf6 41. Qxb7+ Kf8 42. Qxa6 Kg7 43. Nd6 Be6 44. Qb7+ Nd7 45. Ne8+ Kg8 46.
Qc8 Nf8 47. Qd8 Qe3+ 48. Kc2 Bf7 49. Nf6+ Kg7 50. Ng4 Qc5 51. b4 Qc4 52. Ne3
Qxb4 53. Qc7 Rf6 54. Rxf6 1-0

[Event "TUR-ch Istanbul"]
[Site "Istanbul"]
[Date "2006.03.21"]
[Round "11.2"]
[White "Atakisi, Umut"]
[Black "Can, Emre"]
[Result "1/2-1/2"]
[WhiteElo "2441"]
[BlackElo "2281"]
[PlyCount "126"]
[EventDate "2006.??.??"]

1. Nf3 Nf6 2. d4 d5 3. c4 e6 4. Nc3 Nbd7 5. g3 dxc4 6. Bg2 Rb8 7. Qa4 a6 8.
Qxc4 b5 9. Qd3 Bb7 10. O-O Be7 11. a4 b4 12. Nb1 O-O 13. Nbd2 c5 14. Nc4 cxd4
15. Bf4 Rc8 16. Nd6 Nc5 17. Qxd4 Nb3 18. Qd1 Bxd6 19. Bxd6 Nxa1 20. Bxf8 Qxd1
21. Rxd1 Kxf8 22. Rxa1 Bd5 23. Ne1 a5 24. Bxd5 Nxd5 25. Kf1 Rc4 26. Nd3 Nb6 27.
Ke1 Ke7 28. Kd2 f6 29. e3 e5 30. Nc1 Rc5 31. b3 Ke6 32. Ra2 Kf5 33. f3 e4 34.
g4+ Kg5 35. fxe4 Kxg4 36. Ne2 Rh5 37. Ra1 Rxh2 38. Rg1+ Kf3 39. Rg3+ Kxe4 40.
Rg4+ Ke5 41. Rxg7 Nd5 42. Kd3 Rh3 43. Kc4 Rxe3 44. Ng1 Rc3+ 45. Kb5 Kd6 46.
Rxh7 Rxb3 47. Ne2 Nc3+ 48. Kc4 Rb1 49. Nxc3 Rc1 50. Ra7 Rxc3+ 51. Kd4 Rc6 52.
Rxa5 Rb6 53. Rd5+ Ke6 54. a5 Rb8 55. a6 b3 56. a7 Ra8 57. Rb5 Rxa7 58. Rxb3 Kf5
59. Ke3 Kg4 60. Kf2 f5 61. Rc3 Ra2+ 62. Kf1 f4 63. Rb3 Rc2 1/2-1/2

[Event "TUR-ch Istanbul"]
[Site "Istanbul"]
[Date "2006.03.21"]
[Round "11.3"]
[White "Gurevich, Mikhail"]
[Black "Goksel, Doga Cihan"]
[Result "1-0"]
[WhiteElo "2633"]
[BlackElo "2189"]
[PlyCount "77"]
[EventDate "2006.??.??"]

1. d4 d5 2. c4 c6 3. Nf3 Nf6 4. e3 e6 5. Nc3 Nbd7 6. Bd3 Bd6 7. e4 dxe4 8. Nxe4
Nxe4 9. Bxe4 O-O 10. O-O h6 11. Bc2 Re8 12. Qd3 Nf8 13. Be3 b6 14. Rfd1 Qe7 15.
Ne5 Bb7 16. Bf4 Red8 17. Qg3 f6 18. Ng6 Qc7 19. Bxd6 Qxd6 20. Qd3 f5 21. Nxf8
Rxf8 22. Qe3 Rf6 23. c5 Qe7 24. Re1 Kh8 25. Qe5 Re8 26. Re3 Ba6 27. Rc3 Bb7 28.
Re1 Qf7 29. Ra3 Ba8 30. Rb3 Qb7 31. Rbe3 bxc5 32. dxc5 Qb4 33. Rd1 Qc4 34. Bb3
Qh4 35. Rd7 f4 36. Rh3 Qg4 37. Bc2 Rg6 38. Bxg6 Qxg6 39. Rhd3 1-0

[Event "TUR-ch Istanbul"]
[Site "Istanbul"]
[Date "2006.03.21"]
[Round "11.4"]
[White "Atalik, Ekaterina"]
[Black "Secer, Ata"]
[Result "0-1"]
[WhiteElo "2399"]
[BlackElo "2229"]
[PlyCount "136"]
[EventDate "2006.??.??"]

1. d4 d5 2. c4 e6 3. Nf3 Nf6 4. g3 Be7 5. Bg2 O-O 6. O-O dxc4 7. Qc2 a6 8. Qxc4
b5 9. Qc2 Bb7 10. Bd2 Ra7 11. Rc1 Be4 12. Qb3 Bd5 13. Qe3 Nbd7 14. Ba5 Bd6 15.
Nc3 Bc6 16. Nd1 Bd5 17. Nc3 Bc6 18. a3 Qa8 19. Na2 Be4 20. Nb4 Re8 21. Nd3 h6
22. Nc5 Bd5 23. Ne1 Bxg2 24. Nxg2 e5 25. Nxd7 Nxd7 26. d5 Nf6 27. Rd1 Qb7 28.
Rac1 Raa8 29. Qb3 e4 30. Ne3 h5 31. Qc2 Nd7 32. Qc6 Qxc6 33. dxc6 Ne5 34. Rd4
Ng4 35. Nxg4 hxg4 36. Rd5 e3 37. f3 gxf3 38. exf3 Re6 39. f4 Rae8 40. Kg2 Re4
41. Kf1 e2+ 42. Ke1 R8e6 43. Rc2 Rh6 44. Rxe2 Rxe2+ 45. Kxe2 Rxh2+ 46. Kd3 Rh6
47. Bc3 Kf8 48. f5 Bxg3 49. Rd8+ Ke7 50. Rd7+ Ke8 51. Bxg7 Rxc6 52. Rd4 Rc5 53.
Ke4 Rc2 54. Rd3 Bd6 55. Bc3 Rf2 56. f6 Kd7 57. Rh3 Rh2 58. Re3 Rh5 59. Kd3 Rg5
60. Kc2 Rg2+ 61. Kb3 c5 62. Rh3 Rg3 63. Rh4 a5 64. Kc2 b4 65. axb4 axb4 66. Bd2
Ke6 67. Rh5 Kxf6 68. Rd5 Be7 0-1

[Event "TUR-ch Istanbul"]
[Site "Istanbul"]
[Date "2006.03.21"]
[Round "11.5"]
[White "Erturan, Yakup"]
[Black "Kilicaslan, Hasan"]
[Result "1/2-1/2"]
[WhiteElo "2365"]
[BlackElo "2281"]
[PlyCount "63"]
[EventDate "2006.??.??"]

1. e4 e6 2. d4 d5 3. Nc3 Bb4 4. e5 c5 5. a3 Bxc3+ 6. bxc3 Ne7 7. h4 Qa5 8. Bd2
Nbc6 9. Nf3 Bd7 10. Qb1 c4 11. h5 h6 12. Rh4 O-O-O 13. Rf4 Rdf8 14. g3 g5 15.
hxg6 fxg6 16. Rxf8+ Rxf8 17. Bg2 g5 18. Ke2 Be8 19. Bh3 Bh5 20. Bxe6+ Kb8 21.
g4 Bg6 22. Bd7 Be4 23. Ne1 Nxd4+ 24. cxd4 Rxf2+ 25. Kxf2 Qxd2+ 26. Kf1 Qf4+ 27.
Ke2 Qh2+ 28. Kf1 Qh1+ 29. Kf2 Qh4+ 30. Kf1 Qh1+ 31. Ke2 Qh2+ 32. Kf1 1/2-1/2

[Event "TUR-ch Istanbul"]
[Site "Istanbul"]
[Date "2006.03.21"]
[Round "11.6"]
[White "Erdogan, Hakan"]
[Black "Korkmaz, Necmettin"]
[Result "0-1"]
[WhiteElo "2259"]
[BlackElo "2071"]
[PlyCount "60"]
[EventDate "2006.??.??"]

1. d4 d5 2. c4 c6 3. Nf3 Nf6 4. Nc3 e6 5. e3 Nbd7 6. Qc2 Bd6 7. Bd2 O-O 8.
O-O-O dxc4 9. Bxc4 b5 10. Bd3 Bb7 11. e4 e5 12. dxe5 Bxe5 13. Nxe5 Nxe5 14. Be2
b4 15. Na4 c5 16. f3 Qa5 17. b3 c4 18. bxc4 Rfc8 19. Kb1 Rab8 20. Nb2 Bc6 21.
Bf4 Nfd7 22. Bxe5 Qxe5 23. Nd3 Qa5 24. Qb2 Nb6 25. Qe5 Qa3 26. Nb2 Na4 27. Nxa4
Bxa4 28. Rd2 Qc3 29. Rd5 Qc2+ 30. Ka1 Qxe2 0-1

[Event "TUR-ch Istanbul"]
[Site "Istanbul"]
[Date "2006.03.21"]
[Round "11.7"]
[White "Yagiz, Yasin Emrah"]
[Black "Haznedaroglu, Kivanc"]
[Result "1-0"]
[WhiteElo "2209"]
[BlackElo "2438"]
[PlyCount "63"]
[EventDate "2006.??.??"]

1. Nf3 d5 2. c4 c6 3. g3 Nf6 4. Bg2 Bf5 5. cxd5 cxd5 6. Qb3 Qc8 7. Nc3 e6 8. d3
Nc6 9. Bf4 Be7 10. O-O O-O 11. Rac1 Qd7 12. e4 dxe4 13. dxe4 Nxe4 14. Nxe4 Bxe4
15. Ne5 Qd5 16. Bxe4 Qxe4 17. Qxb7 Qb4 18. Qxc6 g5 19. Be3 Qxb2 20. Nf3 h6 21.
Qa4 Qb7 22. Ne5 Rfd8 23. Nc6 Rd5 24. Nxe7+ Qxe7 25. Rfd1 Rad8 26. Rxd5 Rxd5 27.
Bxa7 h5 28. Be3 e5 29. Qa8+ Rd8 30. Rc8 Rxc8 31. Qxc8+ Kg7 32. Qf5 1-0

[Event "TUR-ch Istanbul"]
[Site "Istanbul"]
[Date "2006.03.22"]
[Round "12.1"]
[White "Kilicaslan, Hasan"]
[Black "Gurevich, Mikhail"]
[Result "1/2-1/2"]
[WhiteElo "2281"]
[BlackElo "2633"]
[PlyCount "38"]
[EventDate "2006.??.??"]

1. d4 Nf6 2. Nf3 b6 3. g3 Bb7 4. Bg2 e6 5. c4 Bb4+ 6. Bd2 Be7 7. Nc3 O-O 8. O-O
d5 9. Ne5 Na6 10. cxd5 exd5 11. Bg5 c5 12. Rc1 Nc7 13. dxc5 bxc5 14. Qa4 Ne6
15. Bxf6 Bxf6 16. Nd7 Bxc3 17. Rxc3 Re8 18. Nxc5 Nxc5 19. Rxc5 Rxe2 1/2-1/2

[Event "TUR-ch Istanbul"]
[Site "Istanbul"]
[Date "2006.03.22"]
[Round "12.2"]
[White "Goksel, Doga Cihan"]
[Black "Atalik, Suat"]
[Result "1/2-1/2"]
[WhiteElo "2189"]
[BlackElo "2618"]
[PlyCount "111"]
[EventDate "2006.??.??"]

1. Nf3 Nf6 2. d4 d5 3. c4 e6 4. Nc3 c6 5. e3 Nbd7 6. Qc2 h6 7. Be2 Bd6 8. O-O
Qe7 9. b3 a6 10. e4 Nxe4 11. Nxe4 dxe4 12. Qxe4 e5 13. dxe5 Nxe5 14. Bb2 Nxf3+
15. Qxf3 Be5 16. Bxe5 Qxe5 17. Rfe1 O-O 18. Bd3 Qg5 19. Qe4 g6 20. Qe7 Qxe7 21.
Rxe7 Rd8 22. Re3 Kg7 23. Kf1 a5 24. Ke2 a4 25. b4 a3 26. Kd2 b5 27. Kc3 Be6 28.
Rae1 Rac8 29. Re5 Rxd3+ 30. Kxd3 Bxc4+ 31. Kc3 Bxa2 32. Ra1 Bd5 33. Rxa3 Bxg2
34. Kd4 Rd8+ 35. Kc5 Kf6 36. Ree3 Bd5 37. Ra6 g5 38. Rd3 Rd7 39. Re3 g4 40. h3
h5 41. hxg4 hxg4 42. Rxc6+ Bxc6 43. Kxc6 Rd2 44. Rg3 Rxf2 45. Rxg4 Rf5 46. Rg8
Re5 47. Rb8 Ke6 48. Rxb5 Rxb5 49. Kxb5 Kd5 50. Ka6 f5 51. b5 f4 52. b6 f3 53.
b7 f2 54. b8=Q f1=Q+ 55. Qb5+ Qxb5+ 56. Kxb5 1/2-1/2